000 00771nam a2200217Ii 4500
003 JO-AjNU
008 230605s9999||||xx |||||||||||||| ||und||
017 _a37769
040 _aJO-AjNU
_bara
_erda
_cJO-AjNU
041 _aara
050 1 4 _aPJ6161.J8538 2003
100 3 _aجمعة، حسين,
_eauthor
_913790
245 0 0 _aإبداع ونقد( قراءة جديدة للإبداع في العصر العباسي)
250 _aط1
264 3 1 _aدمشق: دار النمير لطباعة والنشر والتوزيع، 2003
300 _a236ص
336 _atext
_btxt
_2rdacontent
337 _aunmediated
_bn
_2rdamedia
338 _avolume
_bnc
_2rdacarrier
650 4 _aاللغة العربية-إبداع ونقد-العصر العباسي-تاريخ
_913791
999 _aA3524
_c7092
_d7092